| 000 | 01307nam a22003377a 4500 | ||
|---|---|---|---|
| 003 | EG-ScBUE | ||
| 005 | 20211130121138.0 | ||
| 008 | 110122s1993 ua f 000 0f ara d | ||
| 017 | _a1993 / 7032 | ||
| 020 | _a9770134422 | ||
| 040 |
_aEG-ScBUE _bara _erda _cEG-ScBUE _dEG-ScBUE |
||
| 041 | 1 |
_aara _hrus |
|
| 082 | 0 | 4 |
_a891.73 _bت و ل _222 |
| 100 | 1 |
_98176 _aتولستوي، ليو، _d1828-1910، _eمؤلف. |
|
| 245 | 1 | 2 |
_aالحرب والسلام : _bرواية. _nالكتاب الثاني / _cليو تولستوي ؛ ترجمة إدوارد الخراط. |
| 250 | _aالطبعة الثانية. | ||
| 264 | 1 |
_aالقاهرة : _bالهيئة المصرية العامة للكتاب، _c1993. |
|
| 300 |
_a169 صفحة ؛ _c20 سم. |
||
| 336 |
_2rdacontent _aنص _btxt |
||
| 337 |
_2rdamedia _aبدون وسيط _bn |
||
| 338 |
_2rdacarrier _aمجلد _bnc |
||
| 490 | 0 | _aأدب الحرب | |
| 541 |
_aد. باسم احمد ؛ _cإهداء ؛ |
||
| 546 | _aالنص باللغة العربية وتم ترجمته من اللغة الروسية. | ||
| 650 | 7 |
_98177 _aالقصص الروسية _yقرن 19. _2BUEsh |
|
| 651 | _2BUEsh | ||
| 653 |
_bGGEN _cNovember2021 |
||
| 655 |
_vReading book _934232 |
||
| 700 | 1 |
_aالخراط، إدوارد، _eمترجم. |
|
| 942 |
_2ddc _cBB |
||
| 999 |
_c14937 _d14937 |
||